Der Unsterblichkeits-Konzern, (Record no. 547)

MARC details
000 -LEADER
fixed length control field 00633cam a22002171 4500
001 - CONTROL NUMBER
control field af 46001398
003 - CONTROL NUMBER IDENTIFIER
control field DLC
005 - DATE AND TIME OF LATEST TRANSACTION
control field 20260227110759.0
008 - FIXED-LENGTH DATA ELEMENTS--GENERAL INFORMATION
fixed length control field 791114s1943 au 000 1 ger c
010 ## - LIBRARY OF CONGRESS CONTROL NUMBER
LC control number af 46001398
035 ## - SYSTEM CONTROL NUMBER
System control number (OCoLC)5693403
040 ## - CATALOGING SOURCE
Original cataloging agency Princeton Univ. Library
Transcribing agency GAT
Modifying agency DLC
042 ## - AUTHENTICATION CODE
Authentication code premarc
050 00 - LIBRARY OF CONGRESS CALL NUMBER
Classification number PT2621.U9
Item number U5 1943
100 1# - MAIN ENTRY--PERSONAL NAME
Personal name Kuthe, Eugen,
Dates associated with a name 1898-
245 14 - TITLE STATEMENT
Title Der Unsterblichkeits-Konzern,
Remainder of title ein Zeitbild.
260 ## - PUBLICATION, DISTRIBUTION, ETC.
Place of publication, distribution, etc. Salzburg,
Name of publisher, distributor, etc. Verlag "Das Bergland-Buch"
Date of publication, distribution, etc. [1943]
300 ## - PHYSICAL DESCRIPTION
Extent 231 p.
Dimensions 20 cm.
490 0# - SERIES STATEMENT
Series statement "Das Bergland-Buch"
500 ## - GENERAL NOTE
General note Author's pseud., Horst Uden, at head of title.

No items available.

Powered by Koha